[Event "Pamplona"]
[Site "Pamplona"]
[Date "2000.01.04"]
[Round "8"]
[White "Polgar, Judit"]
[Black "Gelfand, Boris"]
[Result "0-1"]
[WhiteElo "2671"]
[BlackElo "2713"]
[Annotator "Gelfand/Huzman"]
[PlyCount "120"]
[EventDate "1999.12.27"]
[EventType "tourn"]
[EventRounds "9"]
[EventCountry "ESP"]
[EventCategory "15"]
[SourceTitle "CBM 075"]
[Source "ChessBase"]
[SourceDate "2000.04.05"]
[SourceVersion "1"]
[SourceVersionDate "2000.04.05"]
[SourceQuality "1"]

1. e4 c5 2. Nc3 d6 3. f4 g6 4. Nf3 Bg7 5. Bc4 Nc6 6. O-O e6 7. d3 Nge7 8. Qe1
h6 9. Bb3 a6 10. a4 Rb8 11. Nd1 $6 $146 b5 (11... Nd4 12. Nxd4 cxd4 13. Nf2 $14
) 12. axb5 axb5 13. Nf2 O-O 14. c3 (14. Ng4 c4 $1 15. dxc4 (15. Ba2 f5) 15...
bxc4 16. Bxc4 d5 17. Bb3 dxe4 $15) 14... b4 (14... c4 15. dxc4 Na5 16. Bc2 bxc4
(16... Nxc4 17. Nd3) 17. Ra2 $13 {/\Be3}) 15. Bd1 (15. Ba4 $142) 15... Bd7 $2 (
15... f5) (15... Bb7 $5) (15... bxc3 16. bxc3 f5 $15) 16. e5 $1 bxc3 (16... d5
17. Be3 Qb6 18. Ng4) 17. bxc3 Nd5 $6 (17... d5 18. Be3 (18. Ba3 $5)) (17... Bc8
$142 18. Ba4 (18. Ng4 Nf5 19. Ba4 Bb7 $132) (18. Ne4 dxe5 19. fxe5 (19. Nxe5 $5
) 19... Qxd3 20. Nf6+ Kh8 21. Ng5 Rb1 $1 22. Rf3 Nxe5 $1 $19) 18... Bb7 19. Ne4
dxe5 20. fxe5 Qxd3 21. Nf6+ (21. Nxc5 Qd5) 21... Kh8 $13) 18. Bd2 $6 (18. Ne4
$1 dxe5 19. fxe5 Qc7 (19... Nxe5 20. Nxe5 Bxe5 21. Bxh6) 20. Nf6+ $1 (20. Nxc5
Nxe5 21. Nxe5 Qxc5+ 22. d4 Qxc3 23. Qxc3 Nxc3 24. Nxd7 Bxd4+ 25. Kh1 Nxd1 26.
Nxb8 Rxb8 27. Bf4 Nf2+ 28. Rxf2 e5 $1 $11) 20... Nxf6 21. exf6 Bxf6 22. Bxh6
$40) 18... Qc7 $2 (18... f5 $1 19. exf6 (19. exd6 Be8 (19... Bc8 20. Ne5) (
19... Qf6 20. Ba4) 20. Ne5 Qxd6 $13) 19... Nxf6 $13 (19... Qxf6 20. Ne4 Qe7 21.
Qg3 Be8 22. Ba4 $14)) (18... dxe5 19. fxe5 f5 20. exf6 Qxf6 (20... Nxf6 21. Bc2
$16) 21. Ng4 $18) 19. c4 Nxf4 $5 (19... Ndb4 20. Ng4 Nxd3 21. Qh4 h5 22. Nf6+
Bxf6 23. exf6 $40) 20. Bxf4 dxe5 21. Bg3 f5 22. h3 $2 (22. Ba4 $1 f4 23. Bh4 g5
24. Bxg5 hxg5 25. Nxg5 $16) 22... f4 23. Bh4 (23. Ne4 fxg3 24. Qxg3 Ne7 $15)
23... e4 24. Qxe4 Bxa1 25. Qxg6+ Bg7 26. Ne4 (26. Ng4 Be8 27. Qxe6+ Kh8 28.
Nxh6 Nd4 $1 29. Nxd4 Bxd4+ 30. Kh1 Qc6 $17) (26. Bc2 Rb2 27. d4 (27. Ng4 Be8
28. Nf6+ (28. Qxe6+ Kh8) 28... Rxf6 29. Qxe8+ Rf8 30. Qxe6+ Kh8 $19) 27... Rxc2
28. Qxc2 Nxd4 29. Nxd4 cxd4 $17) 26... Ne5 27. Nxe5 Qxe5 28. Be7 (28. Bf2 $5)
28... Qf5 $6 $138 (28... Rf5 $1 29. Bxc5 (29. Bd6 Qd4+ 30. Kh2 Rb1 $1 $19 (
30... Qxd3 31. Nf6+)) 29... Rg5 30. d4 Rxg6 31. dxe5 Bxe5 $19) 29. Qxf5 (29.
Qg4 $1 Rf7 30. Bxc5 Bc6 $15) 29... Rxf5 30. Bg4 Bc6 $1 31. Kh2 (31. Bxf5 exf5
32. Nf2 Bd4 33. Bd6 Rb3 34. Bxf4 Rxd3 $17) 31... Rb2 32. h4 h5 (32... Bxe4 33.
dxe4 Re5 34. Rxf4 $13 (34. Bf3 Rd2 35. Rb1 Rd7 36. Rb8+ Kf7 37. Bd8 Bf6 38.
Bxf6 Kxf6 $19)) (32... Bd4 33. Bxf5 exf5 34. Bxc5 Be3 (34... Bxc5 35. Nxc5
Rxg2+ 36. Kh3) 35. Bxe3 fxe3 36. Nf6+ Kf7 37. Nd5 Bxd5 38. cxd5 Kf6 39. Kg3 Ke5
40. Kf3 f4 41. g3 $11) (32... Be5 33. Kh3 Bd4 34. h5 $132) 33. Bf3 Bd4 34. Bg5
(34. Nd6 Bxf3 35. Rxf3 Re5 36. Rxf4 Ree2 37. Rf8+ Kh7 $19) 34... Bxe4 35. Bxe4
(35. dxe4 Rf8 36. Bxh5 e5 $15) 35... Rf8 36. Bh6 (36. Bxf4 Rxf4 37. Rxf4 Be5
38. Kg3 Rb1 $19) (36. Kh3 $5) 36... Bg7 37. Bxg7 $4 (37. Bg5 $15) 37... Kxg7
$19 38. Kh3 Re2 39. Rb1 Re3+ (39... Kf6 $5) 40. Kh2 Kf6 41. Rb7 Ra8 42. Rh7 Ra2
43. Rh6+ Ke7 44. Rh7+ Kd6 (44... Kf8 45. Rh8+ Kg7 46. Rh7+ Kg8 47. Rxh5 f3 48.
Rg5+ Kf7 49. Rg3 (49. Rg4 f2 50. Rf4+ Kg7) 49... f2 50. Rxe3 f1=N+ $1 $19) 45.
Rf7 Ke5 46. Rf8 Rb2 47. Rf7 Rd2 48. Rf8 Ra2 49. Rf7 Rc2 50. Rf8 Rxe4 (50... Re1
$6 51. Rh8 Rxe4 52. dxe4 (52. Rxh5+ Kd4 53. dxe4 f3) 52... f3 53. Kg3 $1 (53.
Rf8 fxg2 (53... Rxg2+ 54. Kh3 Rc2 55. Rxf3 Rxc4)) 53... f2 (53... fxg2 54. Kh2
Kxe4 55. Rxh5) 54. Rf8 Kxe4 55. Rf4+ $1 (55. Rxf2 Rxf2 56. Kxf2 Kf4) 55... Ke3
56. Rf3+ Kd4 57. Rxf2 Rxf2 58. Kxf2 Ke4 59. g4 hxg4 60. Kg3 Kf5 61. h5 Kg5 62.
h6 Kxh6 63. Kxg4 Kg6 64. Kf4 Kf6 65. Ke4 e5 66. Kd5 Kf5 67. Kxc5 e4 68. Kb6 (
68. Kb4 e3 69. Kc3 Kf4 $19) 68... e3 69. c5 e2 70. c6 e1=Q 71. c7 $11) 51. dxe4
Kxe4 52. Kh3 Rc3+ 53. Kh2 Rxc4 54. Rh8 Rd4 55. Rxh5 c4 56. Rc5 Kd3 57. h5 c3
58. h6 Rd7 59. Kh3 Rh7 60. Kg4 Rxh6 0-1

[Event "USA-ch"]
[Site "Modesto"]
[Date "1995.??.??"]
[Round "10"]
[White "Dzindzichashvili, Roman"]
[Black "Waitzkin, Joshua"]
[Result "1-0"]
[WhiteElo "2545"]
[BlackElo "2440"]
[Annotator "Giese"]
[PlyCount "81"]
[EventDate "1995.11.??"]
[EventType "tourn"]
[EventRounds "13"]
[EventCountry "USA"]
[EventCategory "12"]
[SourceTitle "CBM 051"]
[Source "ChessBase"]
[SourceDate "1996.04.01"]
[SourceVersion "1"]
[SourceVersionDate "1996.04.01"]
[SourceQuality "1"]

1. e4 {Hecht} c5 2. Nc3 Nc6 3. f4 g6 4. Nf3 Bg7 5. Bb5 b6 6. O-O Bb7 7. d3 a6
8. Bxc6 Bxc6 9. Qe1 Qc7 10. Bd2 Nf6 11. Qh4 O-O-O 12. Ne5 Rhf8 13. Nxc6 dxc6
14. e5 Ne8 15. Be3 h5 16. Rae1 f6 17. f5 Qxe5 18. fxg6 Qc7 19. Qxh5 Rh8 20.
Qg4+ Kb7 21. Bf4 Qd7 22. Qe6 Qxe6 23. Rxe6 Rd7 24. Ne2 Bf8 25. Ng3 Rg8 26. Nf5
Rxg6 27. Rfe1 Nc7 28. Nxe7 Rxg2+ $5 {eine kleine Kombination, die Schwarz
jedoch nicht mehr retten kann} 29. Kxg2 Nxe6 30. Rxe6 Bxe7 {Hecht: TL-TL:
aktive weiße Figuren, besserer K, entfernter Freibauer, einfache Technik} 31.
h4 $1 {[%csl Gh4][%cal Yh4h5,Yh5h6]} Bf8 32. h5 {()} Bg7 (32... Rh7 33. Rxf6
Be7 34. Rg6 Rxh5 35. Rg7 $18) 33. h6 Bh8 34. Bd6 f5 35. c3 Kc8 36. Kf3 Rh7 37.
Kf4 Kd7 38. Rg6 Rf7 39. Be5 Bxe5+ 40. Kxe5 f4 41. Rg7 1-0

[Event "ISR-chT"]
[Site "Israel"]
[Date "1998.01.22"]
[Round "3"]
[White "Malisov, Boris"]
[Black "Golod, Vitali"]
[Result "0-1"]
[WhiteElo "2340"]
[BlackElo "2535"]
[Annotator "Golod,V"]
[PlyCount "68"]
[EventDate "1998.01.15"]
[EventType "team-tourn"]
[EventRounds "10"]
[EventCountry "ISR"]
[SourceTitle "CBM 064"]
[Source "ChessBase"]
[SourceDate "1998.06.02"]
[SourceVersion "1"]
[SourceVersionDate "1998.06.02"]
[SourceQuality "1"]

1. e4 c5 2. Nc3 Nc6 3. f4 g6 4. Nf3 Bg7 5. Bb5 (5. Bc4 $5) 5... Nd4 6. O-O Nxb5
7. Nxb5 d5 $1 (7... d6 8. d3 Bd7 (8... f5 $6 9. a4 Bd7 10. e5 d5 11. d4 Bxb5
12. axb5 c4 13. b3 cxb3 14. cxb3 Nh6 15. Ba3 O-O 16. Qd3 Nf7 17. Bc5 b6 18. Bb4
$14 {1-0 Gdanski,J-Schutz,I/26th Rilton Cup, Stockholm SWE 1997 (41)}) 9. Nc3
e6 10. f5 gxf5 11. exf5 Qc7 12. Ng5 Nf6 13. Nce4 Nxe4 14. dxe4 Bd4+ 15. Kh1
exf5 16. Qh5 O-O-O 17. Nxf7 fxe4 18. Bf4 Be6 19. Nxd8 Rxd8 20. c3 Bh8 21. Rad1
Bc4 22. Bxd6 {1-0 Farrand,T-Farndon,D/Open, St Helier JER 1998}) (7... Nf6 $5
8. d3 O-O 9. a4 d6 10. Qe1 Ne8 11. Qh4 f5 12. e5 Bd7 13. Be3 a6 14. Nc3 Nc7 15.
d4 cxd4 16. Bxd4 Ne6 17. Rad1 Bc6 $13 {Minasian,A-Cvitan,O/4th World Team Ch,
Lucerne SUI 1997/1/2-1/2 (47)}) 8. exd5 (8. e5 a6 $5 (8... d4 $6 9. c3 a6 10.
Na3 d3 11. Nc4 b5 12. Ne3 Nh6 13. b3 Nf5 14. Qe1 O-O 15. Ba3 b4 16. cxb4 cxb4
17. Bxb4 Qb6 18. Bc3 $14 {1-0 Hebden,M-Thorsson,O/Kopavogur 1994 (37)}) (8...
Nh6 9. Nc3 (9. d4 $5 a6 10. Nc3 cxd4 11. Qxd4 e6 12. Qd3 O-O 13. Be3 f6 14.
Rad1 Nf7 15. Bc5 Re8 16. Qe3 fxe5 17. Nxe5 b5 18. Nxf7 Kxf7 19. Bd4 $14 {
1/2-1/2 Maahs,E-Hebbinghaus,H/OLNN9697 1997 (48)}) 9... O-O 10. d3 f6 11. exf6
exf6 12. Bd2 Qd6 13. Re1 Bd7 14. Qe2 Rae8 15. Qf1 Nf7 $15 {1/2-1/2 Lach,
B-Beyer,C/Wuert-chT 1994 (43)}) (8... Bg4 9. d4 a6 10. Nc3 cxd4 11. Qxd4 Bxf3
12. Rxf3 e6 13. f5 gxf5 14. Rg3 Bf8 15. Bg5 Be7 16. Be3 Rc8 17. Rd1 Rc4 18. Qd2
Qc7 19. Kh1 $44 {1-0 Maahs,E-Wendt,J/Hamburg ch 1997 (36)}) 9. Nc3 d4 $5 (9...
Bg4 $6 10. d4 c4 $5 (10... cxd4 11. Qxd4 e6 12. Qb4 Bxf3 13. Rxf3 Qe7 $2 (13...
b5 $5 14. a4 Bf8 $14 {Golod}) 14. Qa4+ Qd7 15. Qxd7+ Kxd7 16. Na4 Rb8 17. Be3
Ne7 18. Ba7 Rbe8 19. Rb3 b5 20. Nc5+ $16 {1-0 Hodgson,J-Rowson,J/Rotherham m
1997 (30)}) 11. b3 Rc8 12. Na4 b6 13. Qe1 Bd7 14. Nc3 e6 15. f5 gxf5 16. Bg5
Qc7 17. Ne2 $36 {1-0 Hebden,M-Koshy,V/Dhaka 1995 (29)}) 10. Ne4 Qd5 11. d3 Nh6
12. Qe1 O-O 13. a4 b6 14. a5 b5 15. b4 cxb4 16. Qxb4 Nf5 17. Bb2 Rd8 $11 {
1/2-1/2 Reinderman,D-Alterman,B/Hoogovens B, Wijk aan Zee NED 1998 (40)}) (8.
d3 $6 a6 (8... d4 $5 9. c4 dxc3 10. Nxc3 Nf6 11. Be3 b6 12. Kh1 O-O 13. Ne1 Bb7
14. Qc2 Rc8 $15 {1/2-1/2 Vanka,M-Tatarko,J/CZE-chT 1993 (40)}) (8... Bd7 9. a4
a6 10. Nc3 Bxc3 11. bxc3 dxe4 12. dxe4 Bc6 13. e5 Qa5 14. Qe1 e6 15. Be3 c4 16.
Qb1 $14 {1-0 Turner,M-Coleman,D/BCF-ch 1995 (41)}) 9. Nc3 Bxc3 $5 (9... d4 $6
10. Ne2 e6 11. Qe1 (11. c4 dxc3 12. bxc3 Ne7 13. Be3 Qc7 14. Rb1 O-O 15. c4 Bd7
16. Ne5 Rfd8 17. Nxd7 Rxd7 18. Qb3 Rad8 19. Rfd1 Nc8 $11 {Pandars,M-Hunt,H/
EU-chJM 1997/1-0 (57)}) 11... Ne7 12. Bd2 O-O 13. Qg3 f5 14. Nc1 b5 15. Ng5 h6
16. Nf3 Bb7 17. Re1 Re8 18. Nh4 Kh7 $14 {1-0 Chaves,J-Funis,D/Sao Paulo op
1992 (44)}) 10. bxc3 dxe4 11. dxe4 Qxd1 12. Rxd1 Nf6 13. Re1 b5 14. Ba3 Bb7 15.
Bxc5 Nxe4 16. Bd4 O-O 17. Re3 Rfd8 18. Rae1 f5 19. a3 Rac8 20. Ne5 a5 21. Rb1
Rd5 22. Nf3 Rc4 {1/2-1/2 Kosten,A-Shirov,A/Val Maubuee 1989}) 8... a6 9. Nc3
Nf6 10. d3 $2 $146 (10. d4 $1 Nxd5 $6 (10... c4 11. Ne5 Nxd5 12. Qf3 e6 13. f5
$1 gxf5 14. Nxd5 Qxd5 15. Qxd5 exd5 16. Nf3 O-O 17. Re1 (17. Bf4 $5) 17... f4
$1 $11 {1/2-1/2 Hodgson,J-Rowson,J/Rotherham m 1997 (29)}) 11. Nxd5 $2 (11.
dxc5 $1 Nxc3 12. Qxd8+ Kxd8 13. bxc3 Bxc3 14. Rb1 $36) 11... Qxd5 12. dxc5
Qxc5+ 13. Kh1 O-O 14. c3 Be6 $15 {0-1 Bennett,A-Dzindzichashvili,R/New York op
1993 (40)}) 10... Nxd5 $15 11. Ne4 $6 (11. Bd2 $5 O-O 12. Nxd5 Qxd5 13. Bc3 Bh6
$1 $15) 11... Qc7 {[%csl Yc5][%cal Rc7f4]} 12. c4 $2 (12. g3 $5 O-O 13. c3 $15)
12... Nxf4 $1 (12... Nf6 $15) 13. Nfg5 (13. Bxf4 $2 Qxf4 14. Nfg5 Qe3+ $19)
13... e5 14. Nxf7 (14. g3 Nh3+ 15. Nxh3 Bxh3 16. Nf6+ Bxf6 17. Rxf6 O-O-O $17)
14... Kxf7 $1 {/\Rf8,Kg8} (14... O-O $6 15. Nfg5 (15. Nfd6 Be6 16. g3 Nh5 $15)
15... h6 16. Nf3 $15) 15. g3 Rf8 {[%cal Gf7g8]} 16. gxf4 Kg8 $17 17. Qf3 (17.
fxe5 $5 Rxf1+ (17... Bh3 $2 18. Rf3 {[%csl Rd1,Rg4][%cal Rf3h3]}) 18. Qxf1 Qxe5
$17) 17... Bf5 18. Nc3 Qd6 $1 {[%csl Rd3][%cal Rd6d3]} 19. Qxb7 (19. Nd5 Be6 $1
{[%csl Rd3,Rd5][%cal Ga8d8]}) 19... Bxd3 20. Rf2 (20. Rd1 $2 Qd4+ 21. Kg2 Rad8
$17) 20... Qd4 $1 {[%cal Rd4f2]} 21. Qd5+ (21. Qf3 exf4 22. Bxf4 g5 $1 23. Rd1
Rad8 24. Nd5 Rxf4 25. Nxf4 gxf4 $19) 21... Kh8 22. Qxd4 cxd4 23. Na4 (23. Nd5
e4 24. Rd2 Rab8 25. b3 Bxc4 $1 26. bxc4 d3 $19) 23... e4 {[%csl Gd4,Ge4]} 24.
Nc5 Bxc4 25. Nxe4 Rae8 26. Ng3 $2 $138 (26. b3 $8 Bd5 $5 (26... Be2 27. Ng3 (
27. Rxe2 $2 d3 $19 {[%csl Ra1,Re2]}) 27... d3 28. Rb1 Kg8 $5 (28... Bd4 $6 29.
Bb2 Rxf4 $17) (28... d2 $2 29. Bxd2 Bd4 30. Bc3 $1 $11) 29. Bb2 {=/+/-/+}) 27.
Ng3 (27. Nd2 Re1+ 28. Rf1 $8 (28. Nf1 $2 d3 29. Rb1 Rc8 $19) 28... Re2 {
[%cal Re2g2]} 29. Rf2 d3 {[%csl Rf2][%cal Rg7a1]} 30. Rb1 Re1+ 31. Nf1 (31. Rf1
Bd4#) 31... Rc8 $19) 27... Re1+ 28. Rf1 (28. Nf1 d3 $19) 28... Rxf1+ 29. Nxf1 (
29. Kxf1 Rc8 $19 {[%csl Rf1,Rh2][%cal Rc7c2]}) 29... Re8 {[%csl Re2,Rg1]} 30.
Kf2 d3 31. Rb1 Re2+ $19) 26... Re1+ 27. Kg2 Rc8 $1 $19 {[%csl Rc1,Gc8,Ge1]
[%cal Gc4d5]} 28. f5 $2 $138 (28. Rc2 $8 Bd5+ 29. Kf2 Rxc2+ 30. Kxe1 Rxh2 31.
Bd2 Rg2 32. Nf1 Bf3 $19) 28... Bd5+ 29. Kh3 Rexc1 30. Rxc1 Rxc1 31. f6 Bh6 32.
f7 Rc8 33. Ne2 Rf8 34. Nxd4 Be3 0-1

[Event "British CF-70 Championship"]
[Site "Southport/ Merseyside"]
[Date "1983.08.15"]
[Round "7"]
[White "Watson, William N"]
[Black "Chandler, Murray G"]
[Result "0-1"]
[WhiteElo "2395"]
[BlackElo "2500"]
[Annotator "Griffiths"]
[PlyCount "56"]
[EventDate "1983.08.08"]
[EventType "swiss"]
[EventRounds "11"]
[EventCountry "ENG"]
[SourceTitle "EXT 1999"]
[Source "ChessBase"]
[SourceDate "1998.11.16"]
[SourceVersion "1"]
[SourceVersionDate "1998.11.16"]
[SourceQuality "1"]

1. e4 c5 2. Nc3 d6 3. f4 g6 4. Nf3 Bg7 5. Bc4 Nc6 6. O-O e6 7. f5 Nh6 8. d3
gxf5 9. Bg5 f6 10. Bxh6 Bxh6 11. Nh4 O-O 12. Nxf5 (12. exf5 d5 13. Bb3 Bg5)
12... Bg5 13. h4 Kh8 14. hxg5 exf5 15. exf5 fxg5 16. f6 (16. Be6 Nd4) 16...
Rxf6 17. Qh5 Bf5 18. Qxg5 Nd4 19. Nb5 Ne2+ 20. Kh2 Rg6 $1 21. Qxd8+ Rxd8 22. g4
Bxg4 23. Rf7 d5 24. Bb3 Be6 25. Raf1 (25. Rxb7 Rdg8 $19) 25... Bxf7 26. Rxf7
Rdg8 27. Rf3 Nf4 28. Rxf4 Rh6+ 0-1

[Event "Montreal 1st"]
[Site "Montreal"]
[Date "2000.08.05"]
[Round "3"]
[White "Kogan, Artur"]
[Black "Lesiege, Alexandre"]
[Result "0-1"]
[WhiteElo "2504"]
[BlackElo "2584"]
[Annotator "Hecht,H"]
[PlyCount "164"]
[EventDate "2000.08.03"]
[EventType "tourn"]
[EventRounds "11"]
[EventCountry "CAN"]
[EventCategory "9"]
[SourceTitle "CBM 079"]
[Source "ChessBase"]
[SourceDate "2000.11.21"]
[SourceVersion "1"]
[SourceVersionDate "2000.11.21"]
[SourceQuality "1"]

1. e4 c5 2. Nc3 d6 3. f4 e6 4. Nf3 Nf6 5. d3 Be7 6. Be2 Nc6 7. O-O O-O 8. Qe1
d5 9. Qg3 Rb8 10. Ne5 Nd4 11. f5 Nxe2+ 12. Nxe2 Bd6 13. Bg5 exf5 14. exf5 Nh5
15. Bxd8 Nxg3 16. Nxg3 Rxd8 17. Rae1 f6 18. Ng4 Bd7 19. Nh5 Kf7 20. Ne3 Bc6 21.
Nf4 Be5 22. Ne6 Bxb2 23. Nxd8+ Rxd8 24. Re2 Re8 25. Kf2 Bd4 26. Rfe1 h5 27. h3
h4 28. Kf1 Re5 29. g4 hxg3 30. Ng4 Rxf5+ 31. Kg2 Rg5 32. Kxg3 Be5+ 33. Kf2 Bd6
34. c3 Rf5+ 35. Kg1 Rh5 36. Re6 Bf4 37. Re7+ Kg6 38. Nf2 Bg3 39. R1e3 Bf4 40.
Rf3 Be5 41. d4 cxd4 42. cxd4 Rg5+ 43. Kf1 Bxd4 44. Nd3 Bb5 45. Ke1 Bxd3 46.
Rxd3 Re5+ 47. Rxe5 fxe5 {[#] Drei schwarze Mehrbauern sind für die Qualität
mehr als Ersatz.} 48. Rf3 b6 49. Ke2 e4 50. Rf1 Bc5 51. Rd1 d4 52. Rg1+ Kf6 53.
Rg4 d3+ 54. Kd2 Ke5 55. Rxg7 Kd4 56. Rg4 Bb4+ 57. Kd1 Ke5 58. h4 Bc3 59. Rg5+
Kf4 60. Rd5 Kf3 61. Kc1 (61. h5 e3 62. Rxd3 Kf2 63. Rxc3 e2+ 64. Kc2 e1=Q $19)
(61. Rf5+ Kg3 62. Rg5+ Kxh4 63. Rd5 Kg3 64. Rg5+ Kf4 65. Rd5 b5 66. Rd7 a5 67.
Rf7+ Ke3 68. Rb7 b4 69. Ra7 a4 $19) 61... Kf2 62. h5 e3 63. Rxd3 Bb4 64. Rd5 e2
65. Rf5+ Ke3 66. Re5+ Kd3 67. h6 e1=Q+ 68. Rxe1 Bxe1 69. Kb2 Kc4 70. h7 Bc3+
71. Kc2 b5 72. Kc1 a5 73. Kb1 Bf6 74. Kc2 Bh8 (74... Kb4 75. Kb1 Ka3 $19) 75.
Kc1 Kc3 76. Kb1 b4 77. Kc1 a4 78. Kb1 Bf6 79. Kc1 Bg7 80. Kb1 a3 81. Kc1 b3 82.
Kb1 Bh8 (82... b2 $2 {wäre auch dann remis, könnte der weiße König nach c2
ziehen!}) 0-1

[Event "Interzonal-15"]
[Site "Manila"]
[Date "1990.??.??"]
[Round "11"]
[White "Rogers, Ian"]
[Black "Smyslov, Vassily V"]
[Result "1-0"]
[WhiteElo "2535"]
[BlackElo "2570"]
[Annotator "Horvath,Ta"]
[PlyCount "137"]
[EventDate "1990.06.29"]
[EventType "swiss"]
[EventRounds "13"]
[EventCountry "PHI"]
[SourceTitle "CBM 019"]
[Source "ChessBase"]
[SourceDate "1990.12.01"]
[SourceVersion "1"]
[SourceVersionDate "1990.12.01"]
[SourceQuality "1"]

1. e4 d6 2. f4 $5 c5 3. Nf3 Nc6 4. Nc3 g6 5. Bb5 Bd7 6. d3 Bg7 7. O-O a6 $5 8.
Bxc6 Bxc6 9. Qe1 $1 {/\Qe1-h4} Qd7 $1 (9... e6 10. f5 $16) 10. Kh1 (10. Qh4 f5)
(10. f5 $5 O-O-O $1 $13) 10... Nh6 $1 (10... O-O-O 11. Rb1 {/\ b4->}) 11. Bd2
$6 (11. f5 $5) 11... b5 $1 12. Rb1 b4 13. Nd1 f5 $17 14. Ng5 (14. e5 Bxf3 15.
Rxf3 dxe5 16. fxe5 Qe6 $17) (14. Nf2 O-O $17) 14... Nf7 $1 15. exf5 (15. Nxf7
$142 Kxf7 16. Nf2 $17) 15... gxf5 16. Nf3 (16. Ne6 Bf6 {/\ Bd5-/+}) 16... O-O
17. Ne3 Rae8 18. Qg3 Kh8 19. Qh3 e6 20. Nc4 Rg8 21. Ng5 $5 Nxg5 22. fxg5 Bf8
23. c3 Rg6 $1 24. cxb4 cxb4 25. Rbc1 (25. Bxb4 Rxg5 $17) 25... Be7 26. Qh5 e5
27. h4 f4 28. Rf2 $1 Rb8 (28... Qh3+ 29. Kg1 Qxd3 30. Bxb4 $13) 29. Kh2 Bf8 $6
(29... Bd8 $142 $1 {/\ Bc7}) 30. b3 Bg7 31. d4 $1 Re6 32. Rd1 Qe8 $2 (32... Qc7
$142 $1 $17) 33. Qxe8+ Bxe8 34. d5 Rg6 35. g3 $1 $16 fxg3+ 36. Kxg3 h5 $8 37.
Be3 Kg8 38. Bb6 Rb7 39. Be3 $138 Bf7 40. Na5 Rc7 41. Nc4 Bf8 42. Rdf1 $1 Rg7
43. Bd2 Rb7 44. Ne3 a5 45. Kh2 Rb8 (45... Rg6 46. Rc1 $18) 46. Nf5 Rg6 47. Ne3
Rg7 48. Nf5 Rg6 49. Nh6+ Bxh6 50. Rxf7 Rf8 51. Rxf8+ Bxf8 52. Kg2 Rg7 53. Be3
e4 $1 (53... Rc7 54. Rc1 $18) 54. Bf4 $6 (54. Kf2 $142) 54... Rf7 (54... Rc7 $5
55. Rc1 Rf7 $14) 55. Bg3 $1 Rb7 $1 56. Rf6 (56. Rf5 Be7 {/\ Rc7}) 56... Rb5 $1
57. Bxd6 Bg7 58. Rf5 Kh7 $1 59. g6+ $1 (59. Bc7 Kg6 60. d6 Kxf5 61. d7 Rd5 62.
d8=Q Rxd8 63. Bxd8 Kg4 $10) 59... Kxg6 60. Rg5+ Kf7 61. Rxh5 $2 (61. Be7 $3 $18
{/\} Kxe7 62. d6+) 61... Bf6 62. Bf4 Kg6 $2 (62... Rc5 $142 $1 63. Kg3 $1 a4 $1
$10 {Smyslov,V}) 63. Rh6+ Kf5 (63... Kg7 64. d6 Rf5 65. d7 Rxf4 66. Rxf6 $18)
64. Kg3 $1 (64. Be3 Be5 $1 $14) 64... Rc5 (64... Rxd5 65. Rh5+ Ke6 66. Rxd5
Kxd5 67. Be3 $18) 65. Rh5+ Kg6 66. Kg4 Bd4 (66... Rc2 67. Rh6+ Kf7 68. Kf5 $18)
67. Rg5+ Kf7 68. Rf5+ Ke8 69. d6 (69. d6 Rc2 70. d7+ $18) 1-0

[Event "Capablanca Memorial-A"]
[Site "Cuba"]
[Date "1993.??.??"]
[Round "10"]
[White "Hebden, Mark"]
[Black "Hernandez Guerrero, Gilberto Eduardo"]
[Result "1-0"]
[WhiteElo "2520"]
[BlackElo "2505"]
[Annotator "Horvath,Ta"]
[PlyCount "73"]
[EventDate "1993.??.??"]
[EventType "tourn"]
[EventRounds "13"]
[EventCountry "CUB"]
[EventCategory "10"]
[SourceTitle "CBM 036"]
[Source "ChessBase"]
[SourceDate "1993.10.01"]
[SourceVersion "1"]
[SourceVersionDate "1993.10.01"]
[SourceQuality "1"]

1. e4 c5 2. Nc3 Nc6 3. f4 g6 4. Nf3 Bg7 5. Bb5 Nd4 6. O-O (6. Nxd4 cxd4 7. Ne2
Qb6 (7... Nf6 $1 8. Ng3 O-O 9. O-O Qb6 10. Bd3 d5 $1 $15 {Lazic,Mi-Vaulin,A/
Podgorica/1993}) 8. Bc4 e6 9. d3 Ne7 10. Bb3 d5 11. e5 Bd7 12. O-O h5 $13 {
Lazic,Mi-Damljanovic/Podgorica/1993}) 6... Nxb5 $6 (6... a6 7. Bd3 d6 8. Nxd4
cxd4 9. Ne2 Nf6 $10) 7. Nxb5 d6 8. d3 a6 9. Nc3 b5 (9... Nf6 10. a4 b6 11. Qe1
O-O 12. Qh4 $14) 10. Qe1 b4 11. Nd1 a5 12. Ne3 Bb7 13. Rb1 Nf6 (13... Qd7 $5
14. c4 bxc3 15. bxc3 Nh6 {/\0-0; f5}) 14. c4 bxc3 15. bxc3 Rb8 16. c4 O-O 17.
Bd2 a4 18. Bc3 Bc6 19. Rxb8 Qxb8 20. f5 Nd7 21. Bxg7 Kxg7 22. Qg3 Qb2 23. Ng5
Qe5 (23... h6 24. Ne6+ $1 fxe6 25. Qxg6+ Kh8 26. Qxh6+ Kg8 27. Qg6+ Kh8 28. Rf3
Qa1+ 29. Nf1 Qg7 30. Rh3+ Kg8 31. Qxe6+ Qf7 32. Qh6 $18) 24. Qh4 Nf6 25. fxg6
Qd4 26. Qg3 (26. Rxf6 $1 Qxe3+ 27. Rf2 h6 28. Ne6+ fxe6 29. Qxe7+ $18) 26...
hxg6 27. Kh1 e6 (27... Rh8 $2 28. Nf5+ $1 gxf5 29. Ne6+ $18) (27... Nh5 28.
Nf5+ $2 (28. Qf2 $16) 28... gxf5 29. Ne6+ Kh8 $19) 28. a3 Be8 29. Qf4 Bd7 30.
g4 Bc6 31. Nc2 Qc3 32. Ne1 d5 33. cxd5 exd5 34. e5 d4+ 35. Kg1 Nd5 36. Ne6+ Kg8
37. Qh6 1-0